000 00605nam a22001937a 4500
003 OSt
005 20250924004932.0
008 250924b |||||||| |||| 00| 0 eng d
020 _a0067575986
040 _aDWCL-Main lib
_cOC
082 _aCirc. 641.5944 O142p 1993
100 _aOlney, Richard
245 _aProvence:
_bthe beautiful cookbook/
_cRichard Olney
260 _aSan Francisco:
_b Weldon Owen Inc.
_cc1993
300 _a256 pages:
_bcolor illustrations;
_c35cm.
650 _a1. Cooking french- provencal style
650 _a2. Cooking-france-provence
942 _2ddc
_cBK-CIRC
_kCirc.
_n0
999 _c4516
_d4516